Casicuentos de Londres : (Record no. 145072)
[ view plain ]
| 000 -LEADER | |
|---|---|
| campo de control de longitud fija | 00906nam a2200241 4500 |
| 001 - NÚMERO DE CONTROL | |
| campo de control | 145072 |
| 003 - IDENTIFICADOR DE NÚMERO DE CONTROL | |
| campo de control | ES-MaACL |
| 005 - FECHA Y HORA DE LA ÚLTIMA TRANSACCIÓN | |
| campo de control | 20250801090233.0 |
| 007 - CAMPO FIJO DE DESCRIPCIÓN FÍSICA--INFORMACIÓN GENERAL | |
| campo de control de longitud fija | t| |
| 008 - DATOS DE LONGITUD FIJA--INFORMACIÓN GENERAL | |
| campo de control de longitud fija | 070214s1973 sp r ||||1| spa d |
| 020 ## - NÚMERO INTERNACIONAL ESTÁNDAR DEL LIBRO | |
| Número Internacional Estándar del Libro | 84-265-7142-5 |
| 080 ## - NÚMERO DE LA CLASIFICACIÓN DECIMAL UNIVERSAL | |
| Número de la Clasificación Decimal Universal | 821.134.2-32"19" |
| 100 1# - ENTRADA PRINCIPAL--NOMBRE DE PERSONA | |
| Nombre de persona | Soto, Vicente. |
| 9 (RLIN) | 107503 |
| 245 10 - MENCIÓN DEL TÍTULO | |
| Título | Casicuentos de Londres : |
| Resto del título | seis sobre gentes de aquí y de allá, y tres sobre españoles / |
| Mención de responsabilidad, etc. | Vicente Soto ; presentación de Dámaso Santos. |
| 260 ## - PUBLICACIÓN, DISTRIBUCIÓN, ETC. | |
| Lugar de publicación, distribución, etc. | Madrid : |
| Nombre del editor, distribuidor, etc. | Magisterio Español, |
| Fecha de publicación, distribución, etc. | 1973. |
| 300 ## - DESCRIPCIÓN FÍSICA | |
| Extensión | 235 p., 1 lám. ; |
| Dimensiones | 18 cm. |
| 490 1# - MENCIÓN DE SERIE | |
| Mención de serie | Novelas y cuentos ; |
| Designación de volumen o secuencia | 139. Literatura española. Narraciones siglo XX |
| 586 ## - NOTA DE PREMIOS | |
| Nota de premios | Premio "Novelas y cuentos" 1973 |
| 700 1# - ENTRADA AGREGADA--NOMBRE PERSONAL | |
| Nombre de persona | Santos, Dámaso, |
| Fechas asociadas al nombre | 1918-2000 |
| 9 (RLIN) | 103466 |
| 830 10 - PUNTO DE ACCESO ADICIONAL DE SERIE-TÍTULO UNIFORME | |
| Título uniforme | Novelas y cuentos |
| Designación de volumen o secuencia | 139. Literatura española. Narraciones siglo XX |
| 9 (RLIN) | 179596 |
| 852 ## - LOCALIZACIÓN | |
| Ubicación | ES-MaACL |
| Número de control de estantería | E-5041 |
| Estatus retirado | Estado de pérdida | Estado de daño | No para préstamo | Biblioteca de origen | Biblioteca actual | Ubicación en estantería | Fecha de adquisición | Fuente de adquisición | Total de préstamos | Signatura topográfica completa | Código de barras | Visto por última vez | Precio de reemplazo | Tipo de ítem Koha |
|---|---|---|---|---|---|---|---|---|---|---|---|---|---|---|
| Biblioteca del Ateneo de Madrid | Biblioteca del Ateneo de Madrid | Depósito 2 | 17/01/2008 | E-5041 | 1151434 | 23/02/2023 | 23/02/2023 | Libro impreso |
